000 02425pam a22004691i 4500
001 991014729089707026
003 UkOxU
005 20250904161645.0
006 m || d |
007 cr |||||||||||
008 210709t20212021enka ob 001|0|eng|d
015 _aGBC1B2815
_2bnb
020 _a9781292215211
_q(print version)
020 _a9781292363042
035 _a022628718-44oxf_inst
035 _a(UkOxU)022628718
035 _a(Uk)020259951
037 _a9781292363042
_bPearson UK
040 _aStDuBDS
_beng
_erda
_epn
_cStDuBDS
_dUk
041 _aEnglish
042 _aukblsr
100 _aMoffett, Michael H.
_eauthor.
_923870
245 1 0 _aFundamentals of multinational finance
_c/ Michael H. Moffett, Arthur I. Stonehill, David K. Eiteman.
250 _aSixth edition.
250 _aGlobal edition.
264 1 _aHarlow, England :
_bPearson,
_c[2021].
300 _a1 online resource (599 pages) :
_billustrations (colour).
338 _aonline resource
_2rdacarrier
500 _aThis edition also issued in print: 2021.
500 _a"Authorized adaptation from the United States edition, entitled Fundamentals of Multinational Finance, 6th Edition, ISBN 978-0-13-447213-3 by Michael H. Moffett, Arthur I. Stonehill, and David K. Eiteman, published by Pearson Education ♭2019" -- Title page verso.
504 _aIncludes bibliographical references and index.
520 _aEnable your students to think about global markets professionally with this text. Fundamentals of Multinational Finance helps prepare your students to comprehend global markets and lead organizations through a constantly changing global environment with real-life examples to help them apply their learning. Excellent for undergraduate level study.
540 _aRestricted: Printing from this resource is governed by The Legal Deposit Libraries (Non-Print Works) Regulations (UK) and UK copyright law currently in force.
_5UkOxU
588 _aDescription based on online resource; title from PDF title page (viewed on July 9, 2021).
650 0 _aInternational business enterprises
_xFinance
_96671
650 0 _aInternational finance.
_9496
700 0 _aStonehill, Arthur I.
_eauthor.
_923869
700 _aEiteman, David K.
_eauthor.
_923868
856 _uhttps://bibliotheque.tbs-education.fr/Default/doc/SYRACUSE/3386320/fundamentals-of-multinational-finance
942 _2lcc
999 _c4904
_d4904